000 00717nam a2200205Ia 4500
003 GCL
008 140319s9999 xx 000 0 ara d
020 _a115099906
040 _aGCL /
_cGCL
082 0 4 _a370.11
_bخ أ
100 1 _aخالد مجبل ساير الرميضى
245 1 0 _aاسس التربية بين تناقض النظريات واخفاق التطبيقات /
_cخالد مجبل ساير الرميضى
250 _aالاولى
260 _aالكويت :
_bمكتبة الطالب الجامعى ،
_c2004
300 _a336 ص ؛
_c24 سم
650 0 4 _aعلم النفس التربوى
650 0 4 _aالتربية - علم
650 0 4 _aالتربية-فلسفة
942 _2ddc
_cBK
999 _c6970
_d6970